000 00742nam a2200217Ia 4500
001 16684
003 GE_BSU
008 181216s||||||||xx |||||||||||||| ||und||
040 _cGE_BSU
100 _aკულეშოვი, ალექსანდრე
245 _aველოსიპედისტის ბედი
245 _bმოთხრობა
245 _cრედ.გ.კუბლაშვილი. მხ.დ.გრიგოლია
260 _aთბილისი
260 _bსაბჭ. საქართველო
260 _c1969
300 _a265გვ. ; 17სმ
653 _aველოსიპედისტის ბედი
653 _aმოთხრობა
942 _cBK
999 _c49749
_d49749